000 00768nam a2200265Ia 4500
003 OSt
005 20220925203742.0
006 a|||||r|||| 00| 0
007 ta
008 220923b |||||||| |||| 00| 0 eng d
037 _cGeneral Book
040 _aRTL
_cRTL
_beng
041 _2eng
_aeng
082 _aX:9585, M6
100 _aRosenbloom Jerry S
_9266971
245 0 _aEmployee benefit planning
250 _a2nd
260 _aEnglewood
_bCliffs Prentice Hall
_c1986
300 _axiii,497p.
_ccm.
490 _aPrentice Hall Series in Security andinsurance
650 _aSocial Benefit
700 _a Haliman G Victor
_9266972
942 _hX:9585, M6
_cGB
_2CC
999 _c547673
_d547673